• 首页
  • 本馆介绍
  • 公告通知
  • 最新文献
  • 馆藏检索
  • 电子资源
  • 读者导购
  • 参考咨询
  • 我的图书馆
  • 登录
  • 详细信息显示
  • 放入我的书架
  • 预约/预借图书
  • 作者相关作品
  • 分类相关作品
  • 丛书相关作品
  • 出版社相关作品

书目信息

  • 表格格式
  • 工作单格式
  • 卡片格式
题名:
秦汉思想研究
    
 
作者: 周桂钿 著
分册: 肆   董学探微
出版信息: 福州   福建教育出版社  2015
页数: 387页
开本: 24cm
丛书名:
单 册:
中图分类: B232.5
科图分类:
主题词: 思想史--Si Xiang Shi--研究--中国--秦汉时代 , 研究--Yan Jiu , 中国--Zhong Guo
电子资源:
ISBN: 978-7-5334-6652-7
000 00944nam0 22002771 450
001 350908
005 20161011100025.20
010    @a978-7-5334-6652-7@b精装@dCNY79.00
100    @a20150311d2015 em y0chiy50 ea
101 0  @achi
102    @aCN@b350000
105    @aa z 000yy
106    @ar
200 1  @a秦汉思想研究@AQin Han Si Xiang Yan Jiu@h肆@i董学探微@f周桂钿著
210    @a福州@c福建教育出版社@d2015
215    @a387页@c图,照片@d24cm
300    @a周桂钿文集
330    @a本书对董仲舒的思想及其学说进行了详细而系统的研究,提出了不少独到的见解,如董仲舒的仁义学说、辞指学说、逻辑思想等,作者都进行了考释。
600  0 @a董仲舒@ADong Zhong Shu@f(前179-前104)@x思想评论
606 0  @a思想史@ASi Xiang Shi@x研究@y中国@z秦汉时代
606 0  @a研究@AYan Jiu
606 0  @a中国@AZhong Guo
690    @aB232.5@v5
701  0 @a周桂钿@AZhou Gui Dian@4著
801  0 @aCN@bTANGWEI@c20160808
905    @b0892347-50@dB232.5@e38:4@f4
    
    秦汉思想研究.肆.董学探微/周桂钿著.-福州:福建教育出版社,2015
    387页:图,照片;24cm
    周桂钿文集
    
    ISBN 978-7-5334-6652-7(精装):CNY79.00
    本书对董仲舒的思想及其学说进行了详细而系统的研究,提出了不少独到的见解,如董仲舒的仁义学说、辞指学说、逻辑思想等,作者都进行了考释。
●
相关链接 在E读中查询图书 在五车中查询图书 在当当中查询图书 在豆瓣中查询图书


正题名:秦汉思想研究     索取号:B232.5/38:4         预约/预借

序号 登录号 条形码 馆藏地/架位号 状态 备注
1 0892347   208923478   第一样本阅览室/ [索取号:B232.5/38:4] 在馆    
2 0892348   208923487   第一借阅区/ [索取号:B232.5/38:4] 在馆    
3 0892349   208923496   第一借阅区/ [索取号:B232.5/38:4] 在馆    
4 0892350   208923502   第一借阅区/ [索取号:B232.5/38:4] 在馆    
唐山师范学院图书馆 欢迎您!
大连网信软件有限公司© 版权所有